PRACTICAL BIOCHEMISTRY (Record no. 14144)
[ view plain ]
| 000 -LEADER | |
|---|---|
| fixed length control field | 00299nam a22001457a 4500 |
| 003 - CONTROL NUMBER IDENTIFIER | |
| control field | SGT |
| 082 ## - DEWEY DECIMAL CLASSIFICATION NUMBER | |
| Classification number | 612.015 |
| Item number | P17G |
| 100 ## - MAIN ENTRY--PERSONAL NAME | |
| Personal name | GUPTA, R.C. |
| 245 ## - TITLE STATEMENT | |
| Title | PRACTICAL BIOCHEMISTRY |
| 250 ## - EDITION STATEMENT | |
| Edition statement | 5TH |
| 260 ## - PUBLICATION, DISTRIBUTION, ETC. (IMPRINT) | |
| Place of publication, distribution, etc | INDIA |
| Name of publisher, distributor, etc | CBS |
| Year of Publication | 2017 |
| 300 ## - PAGE DESCRIPTION | |
| No. of Pages | 245 |
| 650 ## - SUBJECT ADDED ENTRY--TOPICAL TERM | |
| Topical term or geographic name as entry element | BIOCHEMISTRY |
| 942 ## - ADDED ENTRY ELEMENTS (KOHA) | |
| Source of classification or shelving scheme | Dewey Decimal Classification |
| Koha item type | Books |
| 942 ## - ADDED ENTRY ELEMENTS (KOHA) | |
| -- | 10 |
| Withdrawn status | Lost status | Source of classification or shelving scheme | Damaged status | Not for loan | Collection code | Home library | Current library | Shelving location | Date acquired | Vendor Name | Cost, normal purchase price | SGTU | Bill Number | Total Checkouts | Full call number | Accession No. (Barcode) | Date last seen | Bill Date | Koha item type | Date last borrowed |
|---|---|---|---|---|---|---|---|---|---|---|---|---|---|---|---|---|---|---|---|---|
| Dewey Decimal Classification | MEDICAL | SGT Medical Library | SGT Medical Library | Text Book | 22/12/2017 | ABC DELHI | 260.00 | SGTU | 8923 | 612.015 P17G | FM10291 | 22/12/2017 | Books | |||||||
| Dewey Decimal Classification | MEDICAL | SGT Medical Library | SGT Medical Library | Text Book | 22/12/2017 | ABC DELHI | 260.00 | SGTU | 8923 | 3 | 612.015 P17G | FM10292 | 01/05/2025 | Books | 09/04/2025 | |||||
| Dewey Decimal Classification | MEDICAL | SGT Medical Library | SGT Medical Library | Text Book | 22/12/2017 | ABC DELHI | 260.00 | SGTU | 8923 | 8 | 612.015 P17G | FM10293 | 06/05/2026 | Books | 17/04/2026 | |||||
| Dewey Decimal Classification | MEDICAL | SGT Medical Library | SGT Medical Library | Text Book | 22/12/2017 | ABC DELHI | 260.00 | SGTU | 8923 | 1 | 612.015 P17G | FM10294 | 15/04/2025 | Books | 01/04/2025 | |||||
| Dewey Decimal Classification | MEDICAL | SGT Medical Library | SGT Medical Library | Text Book | 22/12/2017 | ABC DELHI | 260.00 | SGTU | 8923 | 612.015 P17G | FM10295 | 22/12/2017 | Books | |||||||
| Dewey Decimal Classification | MEDICAL | SGT Medical Library | SGT Medical Library | Text Book | 22/12/2017 | ABC DELHI | 260.00 | SGTU | 8923 | 612.015 P17G | FM10296 | 22/12/2017 | Books | |||||||
| Dewey Decimal Classification | MEDICAL | SGT Medical Library | SGT Medical Library | Text Book | 22/12/2017 | ABC DELHI | 260.00 | SGTU | 8923 | 2 | 612.015 P17G | FM10297 | 14/06/2024 | Books | 12/06/2024 | |||||
| Dewey Decimal Classification | MEDICAL | SGT Medical Library | SGT Medical Library | Text Book | 22/12/2017 | ABC DELHI | 260.00 | SGTU | 8923 | 4 | 612.015 P17G | FM10298 | 03/06/2025 | Books | 01/05/2025 | |||||
| Dewey Decimal Classification | MEDICAL | SGT Medical Library | SGT Medical Library | Text Book | 22/12/2017 | ABC DELHI | 260.00 | SGTU | 8923 | 2 | 612.015 P17G | FM10299 | 16/12/2023 | Books | 12/12/2023 | |||||
| Dewey Decimal Classification | MEDICAL | SGT Medical Library | SGT Medical Library | Text Book | 22/12/2017 | ABC DELHI | 260.00 | SGTU | 8923 | 1 | 612.015 P17G | FM10300 | 11/11/2024 | Books | 28/10/2024 |